[Event "Autonomico-chT"]
[Site "Aragon"]
[Date "2005.02.26"]
[Round "5.5"]
[White "De la Rocha Prieto, Ramon"]
[Black "Minzer, Claudio Javier"]
[Result "0-1"]
[WhiteElo "2323"]
[BlackElo "2430"]
[PlyCount "36"]
[EventDate "2005.01.22"]
[EventType "team"]
[EventRounds "12"]
[EventCountry "ESP"]
[SourceTitle "EXT 2006"]
[Source "ChessBase"]
[SourceDate "2005.11.24"]
[SourceVersion "1"]
[SourceVersionDate "2005.11.24"]
[SourceQuality "1"]

1. d4 Nf6 2. c4 c5 3. d5 b5 4. cxb5 a6 5. bxa6 g6 6. Nc3 Bxa6 7. Nf3 d6 8. g3 Bg7 9. Bg2 Nbd7 10. 0-0 Nb6 11. Re1 0-0 12. Nd2 Ne8 13. a4 Nc7 14. Nf1 Nc4 15. Qc2 Qb8 16. b3 Qb4 17. Na2 Qxe1 18. Bb2 Na3 0-1

[Event "Autonomico-chT"]
[Site "Aragon"]
[Date "2005.02.05"]
[Round "2.10"]
[White "De la Rocha Prieto, Ramon"]
[Black "Bailo Remacha, Santiago"]
[Result "1-0"]
[WhiteElo "2323"]
[BlackElo "2058"]
[PlyCount "73"]
[EventDate "2005.01.22"]
[EventType "team"]
[EventRounds "12"]
[EventCountry "ESP"]
[SourceTitle "EXT 2006"]
[Source "ChessBase"]
[SourceDate "2005.11.24"]
[SourceVersion "1"]
[SourceVersionDate "2005.11.24"]
[SourceQuality "1"]

1. d4 Nf6 2. c4 g6 3. Nc3 d5 4. cxd5 Nxd5 5. e4 Nxc3 6. bxc3 Bg7 7. Ba3 0-0 8. Bc4 a6 9. Nf3 Nd7 10. e5 Nb6 11. Bb3 Re8 12. 0-0 e6 13. h4 Nd5 14. c4 Ne7 15. Qd2 Nf5 16. Qf4 b6 17. Rad1 Bb7 18. d5 Qc8 19. g4 Nh6 20. g5 Nf5 21. h5 c5 22. Rfe1 b5 23. Bc2 exd5 24. cxd5 Nd4 25. Nxd4 cxd4 26. Bb3 gxh5 27. Rxd4 Qg4+ 28. Qxg4 hxg4 29. Rxg4 Rxe5 30. Rxe5 Bxe5 31. Re4 f6 32. f4 Bc3 33. Re7 b4 34. Bc1 Rb8 35. Be3 Ba8 36. d6+ Kf8 37. Rf7+ 1-0

[Event "Barbera del Valles op 26th"]
[Site "Barbera del Valles"]
[Date "2003.07.11"]
[Round "7"]
[White "De la Rocha Prieto, Ramon"]
[Black "Barrientos Chavarriaga, Sergio E"]
[Result "1-0"]
[WhiteElo "2291"]
[BlackElo "2245"]
[PlyCount "63"]
[EventDate "2003.07.06"]
[EventType "swiss"]
[EventRounds "9"]
[EventCountry "ESP"]
[SourceTitle "CBM 095 Extra"]
[Source "ChessBase"]
[SourceDate "2003.09.04"]
[SourceVersion "1"]
[SourceVersionDate "2003.09.04"]
[SourceQuality "1"]

1. c4 Nf6 2. g3 e5 3. Bg2 Nc6 4. Nc3 Bb4 5. Nd5 0-0 6. Nxb4 Nxb4 7. a3 Nc6 8. d3 d5 9. cxd5 Nxd5 10. Nf3 a5 11. 0-0 h6 12. d4 e4 13. Ne5 f5 14. Nxc6 bxc6 15. Qc2 Qd6 16. f3 exf3 17. Rxf3 Bd7 18. Bd2 Rfe8 19. Re1 Nf6 20. e3 Ne4 21. Bc1 c5 22. dxc5 Nxc5 23. Rf4 Rad8 24. Rc4 Nd3 25. Rd1 Bb5 26. Rd4 Qa6 27. a4 Rxd4 28. axb5 Qd6 29. exd4 Qxd4+ 30. Kf1 Rd8 31. Bf4 Rd7 32. Bc6 1-0

[Event "Barbera del Valles op 26th"]
[Site "Barbera del Valles"]
[Date "2003.07.07"]
[Round "2"]
[White "De la Rocha Prieto, Ramon"]
[Black "Pablo Marin, Alejandro"]
[Result "1-0"]
[WhiteElo "2291"]
[BlackElo "2419"]
[PlyCount "61"]
[EventDate "2003.07.06"]
[EventType "swiss"]
[EventRounds "9"]
[EventCountry "ESP"]
[SourceTitle "CBM 095 Extra"]
[Source "ChessBase"]
[SourceDate "2003.09.04"]
[SourceVersion "1"]
[SourceVersionDate "2003.09.04"]
[SourceQuality "1"]

1. c4 e5 2. g3 Nc6 3. Bg2 Nf6 4. Nc3 Bc5 5. a3 a5 6. e3 0-0 7. Nge2 Re8 8. 0-0 d6 9. d4 Bb6 10. h3 Bd7 11. b3 Qc8 12. Kh2 Ne7 13. e4 exd4 14. Nxd4 Nc6 15. Nde2 Re5 16. Nd5 Nxd5 17. cxd5 Ne7 18. f4 Rh5 19. f5 Nxf5 20. exf5 Rxf5 21. Nf4 Qf8 22. Bb2 Re8 23. Qc2 Re3 24. Be4 g6 25. Ng2 Rh5 26. h4 Qe7 27. Bf3 Rhe5 28. Nxe3 Rxe3 29. Bc1 Bf5 30. Qb2 Rxf3 31. Rxf3 1-0

[Event "ESP-chT"]
[Site "Lanzarote"]
[Date "2003.05.14"]
[Round "9.4"]
[White "De la Rocha Prieto, Ramon"]
[Black "Estremera Panos, Sergio"]
[Result "0-1"]
[WhiteElo "2335"]
[BlackElo "2370"]
[PlyCount "102"]
[EventDate "2003.05.06"]
[EventType "team"]
[EventRounds "9"]
[EventCountry "ESP"]
[SourceTitle "CBM 094 Extra"]
[Source "ChessBase"]
[SourceDate "2003.07.09"]
[SourceVersion "2"]
[SourceVersionDate "2003.07.09"]
[SourceQuality "1"]
[WhiteTeam "IberCaja"]
[BlackTeam "Barcelona Vulca"]
[WhiteTeamCountry "ESP"]
[BlackTeamCountry "ESP"]

1. c4 Nf6 2. g3 c6 3. Nf3 d5 4. b3 dxc4 5. bxc4 e5 6. Qc2 Bc5 7. Nc3 0-0 8. Bg2 Re8 9. 0-0 h6 10. d3 Qc7 11. Rb1 Nbd7 12. e3 Bf8 13. Nd2 Rb8 14. h3 Rd8 15. Nb3 Nc5 16. d4 Nxb3 17. axb3 exd4 18. exd4 Rxd4 19. Be3 Rd8 20. Bxa7 Ra8 21. Ra1 Be6 22. Be3 Qe5 23. Bb6 Rxa1 24. Rxa1 Bf5 25. Qa2 Rd3 26. Ne2 Nd7 27. Be3 Nc5 28. Bxc5 Bxc5 29. Rf1 Kh7 30. Kh2 Qd6 31. Qa5 Rxb3 32. Qa2 Rd3 33. Nf4 Rd2 34. Qa5 b6 35. Qc3 Qd4 36. Qf3 Rxf2 37. Rxf2 Qxf2 38. Qxf2 Bxf2 39. Bxc6 g5 40. Nd5 Bd3 41. Kg2 Bd4 42. Bb5 f5 43. h4 Be4+ 44. Kh2 Kg7 45. Bd7 Kf7 46. hxg5 hxg5 47. Nb4 Bc5 48. Nd5 Bd3 49. Bb5 Ke6 50. Kg2 Ke5 51. Kf3 Bf1 0-1

[Event "ESP-chT"]
[Site "Lanzarote"]
[Date "2003.05.11"]
[Round "6.4"]
[White "Reinaldo Castineira, Roi"]
[Black "De la Rocha Prieto, Ramon"]
[Result "1-0"]
[WhiteElo "2405"]
[BlackElo "2335"]
[PlyCount "45"]
[EventDate "2003.05.06"]
[EventType "team"]
[EventRounds "9"]
[EventCountry "ESP"]
[SourceTitle "CBM 094 Extra"]
[Source "ChessBase"]
[SourceDate "2003.07.09"]
[SourceVersion "2"]
[SourceVersionDate "2003.07.09"]
[SourceQuality "1"]
[WhiteTeam "Morgote CA"]
[BlackTeam "IberCaja"]
[WhiteTeamCountry "ESP"]
[BlackTeamCountry "ESP"]

1. e4 d6 2. Nc3 Nf6 3. f4 g6 4. Nf3 Bg7 5. d4 c5 6. d5 0-0 7. Bd3 e6 8. dxe6 Bxe6 9. f5 Bd7 10. 0-0 Bc6 11. Bf4 Re8 12. fxg6 hxg6 13. Ng5 d5 14. e5 c4 15. exf6 Bxf6 16. Nxf7 Kxf7 17. Bxg6+ Kxg6 18. Qg4+ Kh7 19. Bg5 Nd7 20. Rf3 Bxg5 21. Qh5+ Kg8 22. Qg6+ Kh8 23. Rf7 1-0

[Event "ESP-chT"]
[Site "Lanzarote"]
[Date "2003.05.06"]
[Round "1.4"]
[White "Ortega Hermida, Daniel"]
[Black "De la Rocha Prieto, Ramon"]
[Result "1-0"]
[WhiteElo "2362"]
[BlackElo "2335"]
[PlyCount "53"]
[EventDate "2003.05.06"]
[EventType "team"]
[EventRounds "9"]
[EventCountry "ESP"]
[SourceTitle "CBM 094 Extra"]
[Source "ChessBase"]
[SourceDate "2003.07.09"]
[SourceVersion "2"]
[SourceVersionDate "2003.07.09"]
[SourceQuality "1"]
[WhiteTeam "La Caja de Canarias"]
[BlackTeam "IberCaja"]
[WhiteTeamCountry "ESP"]
[BlackTeamCountry "ESP"]

1. d4 d6 2. Nf3 Bg4 3. c4 Bxf3 4. exf3 g6 5. Nc3 Bg7 6. Be3 e6 7. Qb3 Ne7 8. Be2 0-0 9. f4 Nbc6 10. d5 exd5 11. cxd5 Na5 12. Qa4 b6 13. Bd4 Qe8 14. Qd1 Bh6 15. g3 Nf5 16. Bf6 a6 17. 0-0 Bg7 18. Bxg7 Kxg7 19. b4 Nb7 20. Qd2 h5 21. Rfe1 Qd7 22. Rac1 Rfe8 23. Bf1 Rxe1 24. Rxe1 Re8 25. Ne4 f6 26. Qc3 Qf7 27. Ng5 1-0

[Event "ESP-chT2"]
[Site "Vila Real"]
[Date "2001.??.??"]
[Round "5"]
[White "Bellon Lopez, Juan Manuel"]
[Black "De la Rocha Prieto, Ramon"]
[Result "1-0"]
[WhiteElo "2432"]
[BlackElo "2283"]
[PlyCount "68"]
[EventDate "2001.08.13"]
[EventType "team"]
[EventRounds "7"]
[EventCountry "ESP"]
[SourceTitle "EXT 2003"]
[Source "ChessBase"]
[SourceDate "2002.11.25"]
[SourceVersion "1"]
[SourceVersionDate "2002.11.25"]
[SourceQuality "1"]

1. d4 e6 2. c4 Nf6 3. Nf3 d5 4. Nc3 Bb4 5. Bg5 Nbd7 6. e3 c5 7. cxd5 exd5 8. Bd3 Qa5 9. Qc2 c4 10. Bf5 0-0 11. 0-0 Re8 12. Bh4 Bxc3 13. bxc3 g6 14. Bxd7 Nxd7 15. Nd2 f5 16. Nf3 Qa3 17. Rab1 Re6 18. Rb5 Nb6 19. Ne5 Bd7 20. Nxd7 Nxd7 21. Rxd5 Nb6 22. Rb5 a6 23. Rb4 Rc8 24. g4 fxg4 25. e4 a5 26. Rb5 Na4 27. Rxa5 b5 28. d5 Ree8 29. Bf6 Qd6 30. Bd4 Nc5 31. Ra7 Nd7 32. f4 gxf3 33. Rxf3 Rf8 34. Qf2 Ne5 1-0

[Event "Autonomico-ch f"]
[Site "Aragon"]
[Date "1999.04.17"]
[Round "1"]
[White "Fontana Sotomayour, Luis Javier"]
[Black "De la Rocha Prieto, Ramon"]
[Result "1-0"]
[WhiteElo "2282"]
[BlackElo "2270"]
[PlyCount "57"]
[EventDate "1999.04.17"]
[EventType "team"]
[EventRounds "3"]
[EventCountry "ESP"]
[SourceTitle "EXT 2001"]
[Source "ChessBase"]
[SourceDate "2000.11.22"]
[SourceVersion "1"]
[SourceVersionDate "2000.11.22"]
[SourceQuality "1"]

1. Nc3 c5 2. Nf3 d5 3. d4 e6 4. e4 cxd4 5. Qxd4 Nc6 6. Bb5 Bd7 7. Bxc6 bxc6 8. 0-0 Nf6 9. Bg5 Be7 10. Rfe1 0-0 11. e5 Ne8 12. Bxe7 Qxe7 13. Na4 Nc7 14. Qc5 Qe8 15. Qa5 Qc8 16. Nc5 Rd8 17. a4 Qb8 18. Qc3 Be8 19. Ra3 Qc8 20. Qd3 h6 21. Nd4 a5 22. Qh3 Kh7 23. Rg3 Bd7 24. Nf3 Rh8 25. Qg4 g6 26. Qf4 Be8 27. h4 h5 28. Ng5+ Kg8 29. Rf3 1-0

[Event "Zaragoza op-B"]
[Site "Zaragoza"]
[Date "1995.??.??"]
[Round "7"]
[White "De la Rocha Prieto, Ramon"]
[Black "Del Rey, Diego"]
[Result "1/2-1/2"]
[WhiteElo "2280"]
[BlackElo "2315"]
[PlyCount "113"]
[EventDate "1995.06.??"]
[EventType "swiss"]
[EventRounds "9"]
[EventCountry "ESP"]
[SourceTitle "EXT 1997"]
[Source "ChessBase"]
[SourceDate "1996.11.15"]
[SourceVersion "1"]
[SourceVersionDate "1996.11.15"]
[SourceQuality "1"]

1. d4 Nf6 2. c4 g6 3. Nf3 Bg7 4. g3 0-0 5. Bg2 d6 6. 0-0 c6 7. Nc3 Bf5 8. Re1 Ne4 9. Nxe4 Bxe4 10. Bh3 Bxf3 11. exf3 e6 12. Be3 d5 13. c5 Nd7 14. b4 f5 15. f4 Nf6 16. a4 h5 17. b5 h4 18. Rb1 hxg3 19. hxg3 Rf7 20. Rb4 Bf8 21. Rb2 Ne4 22. Bg2 Bh6 23. Qb3 g5 24. fxg5 Bxg5 25. f4 Bf6 26. Bxe4 fxe4 27. bxc6 bxc6 28. Reb1 Rg7 29. Rg2 Qa5 30. Qb4 Qa6 31. g4 Rf8 32. g5 Bd8 33. Qb3 Bc7 34. Qd1 Qd3 35. Qxd3 exd3 36. Rg4 Kh7 37. Kg2 Kg6 38. Kf3 Rh8 39. Rg3 Kf5 40. Rb3 Rh4 41. Rb7 Be5 42. fxe5 Rxb7 43. g6 Rh5 44. g7 Rb8 45. Bf4 Rg8 46. Bc1 a6 47. Bf4 a5 48. Bc1 Rxg7 49. Rxg7 Rh3+ 50. Kf2 Rh2+ 51. Ke1 Rh1+ 52. Kd2 Ke4 53. Rg4+ Kf3 54. Rg6 Ke4 55. Rg2 Kf3 56. Rg6 Ke4 57. Rg2 1/2-1/2

[Event "Ibercaja"]
[Site "Zaragoza"]
[Date "1995.??.??"]
[Round "7"]
[White "De la Rocha Prieto, Ramon"]
[Black "Gines Abad, Pedro"]
[Result "1-0"]
[WhiteElo "2280"]
[BlackElo "2160"]
[PlyCount "81"]
[EventDate "1995.??.??"]
[EventType "tourn"]
[EventRounds "9"]
[EventCountry "ESP"]
[SourceTitle "EXT 2004"]
[Source "ChessBase"]
[SourceDate "2003.11.25"]
[SourceVersion "1"]
[SourceVersionDate "2003.11.25"]
[SourceQuality "1"]

1. g3 d5 2. Bg2 g6 3. f4 Bg7 4. Nf3 Nf6 5. 0-0 0-0 6. d3 c6 7. c3 Qb6+ 8. e3 Bg4 9. Qb3 Bxf3 10. Bxf3 Nfd7 11. Qxb6 axb6 12. d4 f5 13. b3 Nf6 14. a4 Kf7 15. Na3 Na6 16. Bd2 Nc7 17. Rfc1 h5 18. c4 e6 19. Bb4 Rfd8 20. Nc2 Ne4 21. Bxe4 dxe4 22. a5 b5 23. Na3 Na6 24. Be1 b4 25. Nc2 c5 26. Bf2 Rd7 27. Ra4 cxd4 28. exd4 Bf6 29. Kf1 g5 30. Ke2 gxf4 31. gxf4 Rad8 32. Be3 Rg8 33. Rg1 Rxg1 34. Bxg1 Be7 35. c5 Rd8 36. Be3 Rg8 37. Kf1 Nc7 38. Rxb4 Nd5 39. Rxb7 Rg4 40. a6 e5 41. a7 1-0

[Event "Zaragoza op-B"]
[Site "Zaragoza"]
[Date "1995.??.??"]
[Round "4"]
[White "Jepson, Christian"]
[Black "De la Rocha Prieto, Ramon"]
[Result "1-0"]
[WhiteElo "2325"]
[BlackElo "2280"]
[PlyCount "51"]
[EventDate "1995.06.??"]
[EventType "swiss"]
[EventRounds "9"]
[EventCountry "ESP"]
[SourceTitle "EXT 1997"]
[Source "ChessBase"]
[SourceDate "1996.11.15"]
[SourceVersion "1"]
[SourceVersionDate "1996.11.15"]
[SourceQuality "1"]

1. e4 g6 2. d4 Bg7 3. Nc3 c6 4. Nf3 d6 5. a4 Nf6 6. h3 0-0 7. Be3 Nbd7 8. Qd2 e5 9. dxe5 dxe5 10. Bc4 Qe7 11. 0-0 Nc5 12. Ng5 h6 13. b4 Ncd7 14. Nxf7 Rxf7 15. f4 Kh7 16. Bxf7 Qxf7 17. Rae1 Qe7 18. f5 gxf5 19. exf5 Qxb4 20. Rf3 b6 21. Rg3 Qe7 22. Rf1 Ba6 23. Rg6 Bxf1 24. Bxh6 Bh8 25. Qg5 Ng8 26. Qh4 1-0

[Event "Catania op"]
[Site "Cattolica"]
[Date "1994.??.??"]
[Round "3"]
[White "De la Rocha Prieto, Ramon"]
[Black "Forintos, Gyozo Victor"]
[Result "0-1"]
[WhiteElo "2300"]
[BlackElo "2450"]
[PlyCount "54"]
[EventDate "1994.??.??"]
[EventType "swiss"]
[EventRounds "9"]
[EventCountry "ITA"]
[SourceTitle "EXT 1997"]
[Source "ChessBase"]
[SourceDate "1996.11.15"]
[SourceVersion "1"]
[SourceVersionDate "1996.11.15"]
[SourceQuality "1"]

1. d4 e6 2. c4 b6 3. d5 Nf6 4. a3 Bb7 5. Nc3 Bd6 6. Nf3 0-0 7. Bg5 h6 8. Bh4 Be7 9. Bg3 d6 10. e4 Nh5 11. dxe6 fxe6 12. Nd4 Nxg3 13. hxg3 Bf6 14. Be2 Qe7 15. Rc1 c5 16. Nf3 Nc6 17. 0-0 Rad8 18. Bd3 Qf7 19. Qa4 g5 20. b4 g4 21. b5 Nd4 22. Nh2 Qg7 23. Qxa7 Nb3 24. Ne2 Nxc1 25. Rxc1 Rd7 26. Qxb6 Ra8 27. Nf4 Bd8 0-1

[Event "Catania op"]
[Site "Cattolica"]
[Date "1994.??.??"]
[Round "2"]
[White "Parrella, Alfredo"]
[Black "De la Rocha Prieto, Ramon"]
[Result "0-1"]
[WhiteElo "2210"]
[BlackElo "2300"]
[PlyCount "72"]
[EventDate "1994.??.??"]
[EventType "swiss"]
[EventRounds "9"]
[EventCountry "ITA"]
[SourceTitle "EXT 1997"]
[Source "ChessBase"]
[SourceDate "1996.11.15"]
[SourceVersion "1"]
[SourceVersionDate "1996.11.15"]
[SourceQuality "1"]

1. c4 c5 2. Nc3 Nf6 3. Nf3 d5 4. cxd5 Nxd5 5. g3 Nc6 6. Bg2 e6 7. 0-0 Be7 8. Nxd5 exd5 9. d4 0-0 10. dxc5 Bxc5 11. Qb3 d4 12. Bg5 Qb6 13. Qxb6 Bxb6 14. Rfc1 Re8 15. Kf1 h6 16. Bf4 Bg4 17. h3 Bf5 18. g4 Be4 19. Ng1 d3 20. Bxe4 Rxe4 21. Bd2 Ne5 22. e3 f5 23. gxf5 Rf8 24. b3 Rxf5 25. Kg2 Rg5+ 26. Kh1 Rh5 27. Kg2 Rg5+ 28. Kh1 Ng4 29. Rf1 Nf6 30. Rac1 Re6 31. Bb4 Ne4 32. Rc8+ Kh7 33. Rf8 Rb5 34. Ba3 Ra5 35. Bb2 Rxa2 36. Ba1 Bxe3 0-1